书目信息 |
| 题名: |
计算机在档案管理中的应用
|
|
| 作者: | 杨恒芬 著 | |
| 分册: | ||
| 出版信息: | 北京 海洋出版社 1993.03 |
|
| 页数: | 160页 | |
| 开本: | 26cm | |
| 丛书名: | ||
| 单 册: | ||
| 中图分类: | TP399:G27 | |
| 科图分类: | ||
| 主题词: | 计算机应用 | |
| 电子资源: | ||
| ISBN: | 7-5027-3190-3 | |
| 000 | 00584nam0 2200193 450 | |
| 001 | 0832006600 | |
| 005 | 20080109085501.91 | |
| 010 | @a7-5027-3190-3@dCNY10.00 | |
| 100 | @a20080109d1993 km y0chiy0120 ea | |
| 101 | 0 | @achi |
| 102 | @aCN@b110000 | |
| 200 | 1 | @a计算机在档案管理中的应用@Aji suan ji zai dang an guan li zhong de ying yong@f杨恒芬等著@Fyang heng fen deng zhu |
| 210 | @a北京@c海洋出版社@d1993.03 | |
| 215 | @a160页@d26cm | |
| 606 | 0 | @a计算机应用 |
| 690 | @aTP399:G27@v4 | |
| 701 | 0 | @a杨恒芬@Ayang heng fen@4著 |
| 801 | 0 | @aCN@bPFT@c20080109 |
| 905 | @aBZT@dTP399:G27@e13 | |
| 计算机在档案管理中的应用/杨恒芬等著.-北京:海洋出版社,1993.03 |
| 160页;26cm |
| ISBN 7-5027-3190-3:CNY10.00 |
| ● |
| 相关链接 |
|
|
|
正题名:计算机在档案管理中的应用
索取号:TP399:G27/13
 
预约/预借
| 序号 | 登录号 | 条形码 | 馆藏地/架位号 | 状态 | 备注 |
| 1 | 072779 | 220004337 | 中心书库中库/ 中库026架A面4列6层37/ [索取号:TP399:G27/13] | 在馆 |